1970s Movies by IMDb Description - Statistics

General Stats
  • This quiz has been taken 742 times
    608 since last reset
  • The average score is 12 of 17
Answer Stats
Year Description Movie % Correct
1972 Don Vito Corleone, head of a mafia family, decides to hand over his empire to his youngest son, Michael. However, his decision unintentionally puts the lives of his loved ones in grave danger. The Godfather
99%
1977 Luke Skywalker joins forces with a Jedi Knight, a cocky pilot, a Wookiee and two droids to save the galaxy from the Empire's world-destroying battle station, while also attempting to rescue Princess Leia from the mysterious Darth Vader. Star Wars: Episode IV - A New Hope
98%
1974 The early life and career of Vito Corleone in 1920s New York City is portrayed, while his son, Michael, expands and tightens his grip on the family crime syndicate. The Godfather Part II
94%
1975 When a killer shark unleashes chaos on a beach community off Cape Cod, it's up to a local sheriff, a marine biologist, and an old seafarer to hunt the beast down. Jaws
89%
1976 A small-time Philadelphia boxer gets a supremely rare chance to fight the world heavyweight champion in a bout in which he strives to go the distance for his self-respect. Rocky
87%
1976 A mentally unstable veteran works as a nighttime taxi driver in New York City, where the perceived decadence and sleaze fuels his urge for violent action. Taxi Driver
85%
1973 When a young girl is possessed by a mysterious entity, her mother seeks the help of two Catholic priests to save her life. The Exorcist
85%
1975 In the Fall of 1963, a Korean War veteran and criminal pleads insanity and is admitted to a mental institution, where he rallies up the scared patients against the tyrannical nurse. One Flew Over the Cuckoo's Nest
81%
1979 The crew of a commercial spacecraft encounters a deadly lifeform after investigating a mysterious transmission of unknown origin. Alien
79%
1975 King Arthur and his Knights of the Round Table embark on a surreal, low-budget search for the Holy Grail, encountering many, very silly obstacles. Monty Python and the Holy Grail
75%
1979 A U.S. Army officer serving in Vietnam is tasked with assassinating a renegade Special Forces Colonel who sees himself as a god. Apocalypse Now
70%
1971 Alex DeLarge and his droogs barbarize in a decaying near-future. A Clockwork Orange
63%
1976 A television network cynically exploits a deranged former anchor's ravings and revelations about the news media for its own profit, but finds that his message may be difficult to control. Network
53%
1979 An in-depth examination of the ways in which the Vietnam War impacts and disrupts the lives of several friends in a small steel mill town in Pennsylvania. The Deer Hunter
51%
1973 Two grifters team up to pull off the ultimate con. The Sting
49%
1974 A private detective hired to expose an adulterer in 1930s Los Angeles finds himself caught up in a web of deceit, corruption, and murder. Chinatown
45%
1975 An Irish rogue wins the heart of a rich widow and assumes her dead husband's aristocratic position in 18th-century England. Barry Lyndon
33%
No matching quizzes found
Score Distribution
Percent of People with Each Score
Percentile by Number Answered
Your Score History
You have not taken this quiz since the last reset